[Event "IV Open Inverno Vomero"]
[Site "Napoli ITA"]
[Date "2009.01.15"]
[Round "2"]
[White "Schiappoli, Dario"]
[Black "Capaldo, Salvatore"]
[Result "1-0"]
[WhiteElo "1966"]
[BlackElo "1577"]
[PlyCount "73"]
[EventDate "2009.01.08"]

1. e4 e5 2. f4 exf4 3. Nf3 d6 4. d4 Nc6 5. Bxf4 Bg4 6. Bc4 f6 7. O-O Nge7 8.
Nc3 a6 9. Qd2 Qd7 10. a4 O-O-O 11. b4 Bxf3 12. Rxf3 Nxb4 13. d5 Ng6 14. Ne2 a5
15. c3 Na6 16. Bxa6 bxa6 17. Qd3 c5 18. Rb1 Qa7 19. Qc4 Kd7 20. Nd4 Ne5 21.
Bxe5 dxe5 22. Nc6 Qa8 23. Nxd8 Kxd8 24. Rb6 Kd7 25. Rf2 Bd6 26. Rxa6 Qb7 27.
Qb5+ Qxb5 28. axb5 Rb8 29. c4 Bc7 30. g4 Bd8 31. g5 Ke8 32. gxf6 gxf6 33. Rg2
Kf8 34. Ra7 h6 35. Rg6 h5 36. Rh6 h4 37. Rh8# 1-0

[Event "IV Open Inverno Vomero"]
[Site "Napoli ITA"]
[Date "2009.01.15"]
[Round "2"]
[White "Sorrentino, Michele"]
[Black "Parente, Giuseppe"]
[Result "1-0"]
[WhiteElo "2026"]
[BlackElo "1841"]
[PlyCount "39"]
[EventDate "2009.01.08"]

1. Nf3 Nf6 2. d4 d5 3. Bf4 c6 4. h3 Bf5 5. Nbd2 h6 6. e3 e6 7. Be2 Be7 8. O-O
O-O 9. c4 c5 10. Rc1 dxc4 11. Bxc4 b6 12. Re1 Bg6 13. Ne5 Bh7 14. Qf3 Nd5 15.
Nb3 Nc7 16. dxc5 b5 17. Bxb5 a6 18. Nc6 Nxc6 19. Bxc6 Qc8 20. Bxc7 1-0

[Event "IV Open Inverno Vomero"]
[Site "Napoli ITA"]
[Date "2009.01.15"]
[Round "2"]
[White "Supino, Domenico"]
[Black "Lombardo, Claudio"]
[Result "1-0"]
[WhiteElo "2080"]
[BlackElo "1736"]
[PlyCount "97"]
[EventDate "2009.01.08"]

1. e4 c5 2. Nf3 e6 3. d4 cxd4 4. Nxd4 Nf6 5. Nc3 d6 6. Be2 a6 7. Be3 Qc7 8. O-O
b5 9. a3 Bb7 10. Bd3 Be7 11. f4 Nbd7 12. Nb3 Nc5 13. Nxc5 dxc5 14. e5 Nd5 15.
Nxd5 Bxd5 16. Be2 O-O 17. Bf3 Rad8 18. Bxd5 Rxd5 19. Qf3 c4 20. Qf2 Qc6 21.
Rad1 Rfd8 22. Qf3 Qd7 23. Rxd5 Qxd5 24. Qxd5 Rxd5 25. Kf2 Kf8 26. Kf3 Ke8 27.
g4 f6 28. Ke4 Kd7 29. Bd4 Kc6 30. c3 Rd7 31. Rf3 Bd8 32. Rh3 fxe5 33. Kxe5 Bf6+
34. Kxe6 Bxd4 35. cxd4 Rxd4 36. Rxh7 Rxf4 37. Rxg7 Rf2 38. h4 Rxb2 39. Rg8 Kb6
40. g5 Rh2 41. g6 Rxh4 42. g7 Rh6+ 43. Kf7 Ka5 44. Rh8 Rxh8 45. gxh8=Q Ka4 46.
Qf8 a5 47. Qc5 b4 48. axb4 axb4 49. Qxc4 1-0

[Event "IV Open Inverno Vomero"]
[Site "Napoli ITA"]
[Date "2009.01.22"]
[Round "3"]
[White "Borrelli, Salvatore"]
[Black "De Rosa, Francesco"]
[Result "1-0"]
[WhiteElo "1746"]
[BlackElo "1948"]
[PlyCount "119"]
[EventDate "2009.01.08"]

1. f4 c5 2. Nf3 Nc6 3. d3 d5 4. e3 g6 5. Be2 Bg7 6. O-O Nf6 7. Nc3 d4 8. Ne4 b6
9. Nxf6+ Bxf6 10. e4 O-O 11. Qe1 e5 12. Qg3 Qe7 13. f5 Nd8 14. Bh6 Re8 15. fxg6
hxg6 16. Ng5 Bg7 17. Bxg7 Kxg7 18. Rf2 f6 19. Nh3 Bxh3 20. Qxh3 Rh8 21. Qg4 Ne6
22. g3 Rh6 23. Raf1 Rf8 24. h4 Kh8 25. Qh3 g5 26. h5 Ng7 27. Bg4 Qe8 28. Rh2
Qa4 29. a3 c4 30. Bd7 Qa6 31. g4 b5 32. Ra1 Rf7 33. Bf5 Rc7 34. Qf1 Qc6 35. Qf2
Ne8 36. Bg6 Ng7 37. Bf5 Qd6 38. Rf1 Qe7 39. Qe2 a5 40. Rhf2 Ne8 41. Bg6 Ng7 42.
Rxf6 Ne6 43. Rf7 Qd8 44. Rxc7 Qxc7 45. Rf7 cxd3 46. Rxc7 dxe2 47. Rc8+ Kg7 48.
Kf2 Rh8 49. Rxh8 Kxh8 50. Kxe2 Nf4+ 51. Kd2 Nxg6 52. hxg6 Kg7 53. c3 dxc3+ 54.
bxc3 Kxg6 55. Kd3 Kf6 56. c4 bxc4+ 57. Kxc4 Ke6 58. Kc5 a4 59. Kc6 Ke7 60. Kd5
1-0

[Event "IV Open Inverno Vomero"]
[Site "Napoli ITA"]
[Date "2009.01.22"]
[Round "3"]
[White "Capozzoli, Silvio"]
[Black "Rosato, Luciano"]
[Result "0-1"]
[WhiteElo "1944"]
[BlackElo "2267"]
[PlyCount "120"]
[EventDate "2009.01.08"]

1. e4 c5 2. c4 Nc6 3. Nc3 g6 4. g3 Bg7 5. Nge2 d6 6. Bg2 e6 7. d3 Nge7 8. a3
O-O 9. O-O Rb8 10. Rb1 b6 11. Bg5 h6 12. Be3 Nd4 13. Bxd4 cxd4 14. Nb5 Nc6 15.
e5 a6 16. Nbxd4 Nxd4 17. Nxd4 Bb7 18. Nc6 Bxc6 19. Bxc6 dxe5 20. Qe2 Qd4 21.
Rfd1 Rfd8 22. Bg2 Rd7 23. b4 Rbd8 24. Rb3 Rc7 25. Rc1 h5 26. Bf3 Bh6 27. Rd1 f5
28. Re1 Bg7 29. Qe3 Kf7 30. Qxd4 Rxd4 31. Kf1 h4 32. h3 Kf6 33. g4 Bh6 34. Rd1
Kg5 35. a4 Kf4 36. Kg2 Rcd7 37. Rbb1 Rxd3 38. Be2 R3d4 39. c5 bxc5 40. bxc5 Rc7
41. Rxd4+ exd4 42. Bxa6 Rxc5 43. Bb5 fxg4 44. a5 gxh3+ 45. Kxh3 Rc3+ 46. Kh2
Ra3 47. a6 Bf8 48. Rc1 Bd6 49. Rc6 Ke5 50. Bc4 d3 51. f4+ Kd4 52. Rxd6+ Kxc4
53. Kh3 d2+ 54. Kxh4 Kc3 55. Rc6+ Kd3 56. Rd6+ Ke3 57. Rxe6+ Kxf4 58. Rd6 Ra1
59. Rd4+ Ke3 60. a7 Kxd4 0-1

[Event "IV Open Inverno Vomero"]
[Site "Napoli ITA"]
[Date "2009.01.22"]
[Round "3"]
[White "Cosenza, Gianni"]
[Black "Sorrentino, Michele"]
[Result "0-1"]
[WhiteElo "1944"]
[BlackElo "2026"]
[PlyCount "102"]
[EventDate "2009.01.08"]

1. e4 d6 2. d4 g6 3. Nc3 Bg7 4. Be3 Nd7 5. Qd2 e5 6. Nge2 c6 7. O-O-O h6 8. h4
Ngf6 9. f3 h5 10. Kb1 a5 11. dxe5 dxe5 12. Bg5 O-O 13. g4 Qc7 14. gxh5 Nxh5 15.
Rg1 Ndf6 16. Ng3 Be6 17. Nxh5 Nxh5 18. a4 Kh7 19. Bd3 Nf4 20. h5 Nxh5 21. Rh1
f6 22. Be3 Kg8 23. Rdg1 Bf7 24. Bh6 g5 25. Bxg7 Kxg7 26. Nd1 Rh8 27. Ne3 Be6
28. Bc4 Rad8 29. Qc3 Bc8 30. Ng4 Bxg4 31. Rxg4 Nf4 32. Rhg1 Qe7 33. Qxa5 Ra8
34. Qc3 Rxa4 35. Qb3 b5 36. Bf1 Rha8 37. c3 Qd7 38. Kc2 Rd8 39. Kb1 Qd2 40.
Bxb5 cxb5 41. Qxb5 Qd3+ 42. Qxd3 Rxd3 43. Rf1 Ra8 44. Kc2 Rad8 45. Rf2 Kg6 46.
Rg3 Ne6 47. Rg1 f5 48. exf5+ Kxf5 49. Re1 Nf4 50. Rh1 Re3 51. b4 Rdd3 0-1

[Event "IV Open Inverno Vomero"]
[Site "Napoli ITA"]
[Date "2009.01.22"]
[Round "3"]
[White "De Meo, Guido"]
[Black "Supino, Domenico"]
[Result "0-1"]
[WhiteElo "1974"]
[BlackElo "2080"]
[PlyCount "86"]
[EventDate "2009.01.08"]

1. d4 Nf6 2. c4 g6 3. Nf3 Bg7 4. g3 O-O 5. Bg2 d6 6. O-O Nbd7 7. d5 Nb6 8. Nbd2
Bg4 9. Qc2 Qd7 10. Re1 Rac8 11. e4 c6 12. Qb3 cxd5 13. cxd5 Rc5 14. Bf1 Rfc8
15. a4 Bxf3 16. Nxf3 Nxe4 17. Be3 Rc2 18. Nd4 Nd2 19. Qd3 Bxd4 20. Bxd4 Nxf1
21. Qxf1 Nxd5 22. a5 a6 23. Rad1 e5 24. Ba7 Qc6 25. Rb1 Nb4 26. h4 h5 27. Red1
d5 28. Qe1 f6 29. Qxb4 d4 30. Qe1 Qb5 31. b4 R8c3 32. Bc5 Qc6 33. Qf1 Qf3 34.
Qg2 Qe2 35. Qd5+ Kh8 36. Qd8+ Kh7 37. Qxf6 Rxg3+ 38. Kh2 Rf3 39. Qe7+ Kh6 40.
Qg5+ Kg7 41. Rf1 Rxf2+ 42. Kh1 Rh2+ 43. Kg1 Rh1+ 0-1

[Event "IV Open Inverno Vomero"]
[Site "Napoli ITA"]
[Date "2009.01.22"]
[Round "3"]
[White "Ficco, Corrado"]
[Black "Radice, Mario"]
[Result "1-0"]
[WhiteElo "2154"]
[BlackElo "1948"]
[PlyCount "85"]
[EventDate "2009.01.08"]

1. e4 e6 2. d4 d5 3. Nc3 dxe4 4. Nxe4 Nd7 5. Bd3 Ngf6 6. Qe2 c5 7. dxc5 Nxe4 8.
Bxe4 Nf6 9. Bd3 Bxc5 10. Nf3 O-O 11. O-O Qc7 12. Ne5 b6 13. Bf4 Bb7 14. Rfe1
Rad8 15. Rad1 Rfe8 16. Bg3 Ba8 17. Ng4 Qb7 18. Nxf6+ gxf6 19. Qg4+ Kf8 20. Be4
Rxd1 21. Qxd1 Qc8 22. Bxh7 f5 23. Qh5 Qc6 24. Qh6+ Ke7 25. Qg5+ Kd7 26. Be5 Be7
27. Qd2+ Kc8 28. Qc3 Bc5 29. Qg3 Qd5 30. Bg8 Qd2 31. Rf1 Rf8 32. h4 Qd8 33. Bh7
Bd4 34. Re1 Bxe5 35. Rxe5 Qd1+ 36. Kh2 Bd5 37. Re3 Kb7 38. Rc3 Qh5 39. Qc7+ Ka8
40. Qe7 Qh6 41. g3 f4 42. Rc7 fxg3+ 43. Kh3 1-0

[Event "IV Open Inverno Vomero"]
[Site "Napoli ITA"]
[Date "2009.01.22"]
[Round "3"]
[White "Lombardo, Michele"]
[Black "Esposito, Rosario"]
[Result "1-0"]
[WhiteElo "2021"]
[BlackElo "1867"]
[PlyCount "57"]
[EventDate "2009.01.08"]

1. e4 c5 2. Nf3 e6 3. d4 cxd4 4. Nxd4 Nc6 5. Nc3 a6 6. Be3 Qc7 7. Qd2 Nf6 8. f3
Bb4 9. a3 Be7 10. g4 O-O 11. g5 Ne8 12. O-O-O b5 13. Nce2 Ne5 14. Ng3 Nd6 15.
Bf4 Ng6 16. Ndf5 exf5 17. Nxf5 Bxg5 18. Bxg5 Nxf5 19. exf5 Ne5 20. Be2 Bb7 21.
Rhg1 Rac8 22. Bh6 Nxf3 23. Bxg7 Nxg1 24. Rxg1 Qxh2 25. Qg5 Rxc2+ 26. Kxc2 Qxe2+
27. Kb1 Be4+ 28. Ka1 Bxf5 29. Bf6+ 1-0

[Event "IV Open Inverno Vomero"]
[Site "Napoli ITA"]
[Date "2009.01.22"]
[Round "3"]
[White "Perelli, Giuseppe"]
[Black "Schiappoli, Dario"]
[Result "0-1"]
[WhiteElo "1416"]
[BlackElo "1966"]
[PlyCount "86"]
[EventDate "2009.01.08"]

1. d4 Nf6 2. c4 c5 3. d5 e6 4. Nc3 a6 5. a4 Qc7 6. Nf3 d6 7. h3 g6 8. e4 Bg7 9.
Bd3 O-O 10. O-O e5 11. Be3 h6 12. Nh4 Qd8 13. f4 exf4 14. Bf2 Nbd7 15. Ne2 Nh5
16. Rb1 Ne5 17. Be1 Bf6 18. Nf3 Bd7 19. b3 Qe7 20. Bc2 Rae8 21. Bd2 g5 22. Nxe5
Bxe5 23. b4 cxb4 24. Rxb4 Bc8 25. Rb6 Ng3 26. Nxg3 Bd4+ 27. Kh1 Bxb6 28. Nh5
Qe5 29. Qf3 f5 30. exf5 Qe2 31. Rd1 Bxf5 32. Bxf5 Qxf3 33. gxf3 Rxf5 34. Rb1
Bd4 35. Rxb7 Re2 36. Bb4 Be5 37. c5 dxc5 38. Bxc5 Rd2 39. Rd7 Rf7 40. Rd8+ Kh7
41. Bb4 Rd3 42. Ra8 Rd4 43. Bc3 Rd1+ 0-1

[Event "IV Open Inverno Vomero"]
[Site "Napoli ITA"]
[Date "2009.01.22"]
[Round "3"]
[White "Pinto, Gaetano"]
[Black "Miccoli, Livio"]
[Result "1-0"]
[WhiteElo "2044"]
[BlackElo "1607"]
[PlyCount "107"]
[EventDate "2009.01.08"]

1. d4 e6 2. Nf3 f5 3. g3 Nf6 4. Bg2 Be7 5. O-O O-O 6. c4 Nc6 7. d5 exd5 8. cxd5
Nb4 9. Nc3 d6 10. a3 Na6 11. b4 Bd7 12. Nd4 Qe8 13. Bb2 Qh5 14. e3 Ng4 15. h3
Nf6 16. Qxh5 Nxh5 17. Rac1 Bd8 18. Rc2 Nf6 19. Rfc1 Rf7 20. Ne6 Re7 21. Nxd8
Rxd8 22. Bf1 Nb8 23. Bc4 a6 24. Bb3 Rf8 25. Ne2 Ne8 26. h4 Kh8 27. Nd4 Bc8 28.
Ba4 b5 29. Bb3 Bd7 30. Ba2 a5 31. bxa5 Na6 32. Bc3 Nc5 33. Bb4 Nd3 34. Rd1 Ne5
35. a6 Bc8 36. a7 Bb7 37. Nxb5 c5 38. dxc6 Nxc6 39. Nxd6 Nxb4 40. Nxb7 Nf6 41.
axb4 Rxb7 42. Rcd2 Rxa7 43. Rd8 Ra8 44. Rxf8+ Rxf8 45. b5 Ne4 46. b6 Nc3 47.
Rd2 h6 48. Be6 Ne4 49. Rc2 Rb8 50. Rc8+ Rxc8 51. Bxc8 Nd6 52. Bxf5 Kg8 53. Bc8
Kf8 54. b7 1-0

[Event "IV Open Inverno Vomero"]
[Site "Napoli ITA"]
[Date "2009.01.29"]
[Round "4"]
[White "Caiazzo, Diego"]
[Black "Giglio, Achille"]
[Result "1-0"]
[WhiteElo "1892"]
[BlackElo "1615"]
[PlyCount "127"]
[EventDate "2009.01.08"]

1. d4 d5 2. Nf3 Nf6 3. Bf4 c6 4. e3 Bg4 5. Be2 e6 6. Nbd2 Nbd7 7. h3 Bh5 8. c4
Bb4 9. O-O O-O 10. a3 Be7 11. c5 Bg6 12. Qb3 Qc8 13. Rac1 Ne4 14. Nxe4 Bxe4 15.
Ne5 Nf6 16. Rfd1 Bg6 17. Nxg6 hxg6 18. Bd3 Nh5 19. Bh2 Qd7 20. Qc2 f5 21. Rf1
Bd8 22. b4 a6 23. Qe2 Bc7 24. Bxc7 Qxc7 25. Qd2 Nf6 26. a4 Kf7 27. b5 axb5 28.
axb5 Rfb8 29. bxc6 bxc6 30. Rb1 Nd7 31. Qc2 e5 32. Rxb8 Rxb8 33. Rb1 e4 34. Be2
Ra8 35. g3 Ke6 36. Qb2 Rb8 37. Qa2 Rxb1+ 38. Qxb1 Qa7 39. Kg2 Qb8 40. Qxb8 Nxb8
41. f3 exf3+ 42. Kxf3 Kf6 43. Bf1 Kg5 44. h4+ Kf6 45. Kf4 Nd7 46. Ba6 Nf8 47.
Bb7 Ne6+ 48. Kf3 Nd8 49. Bc8 g5 50. h5 g6 51. hxg6 Kxg6 52. g4 fxg4+ 53. Bxg4
Kf6 54. e4 dxe4+ 55. Kxe4 Ne6 56. Bh3 Nf4 57. Bd7 Ne6 58. Bxc6 g4 59. Ke3 g3
60. Bg2 Kg5 61. c6 Nc7 62. d5 Kf5 63. d6 Ne6 64. c7 1-0

[Event "IV Open Inverno Vomero"]
[Site "Napoli ITA"]
[Date "2009.01.29"]
[Round "4"]
[White "De Fazio, Giovanni"]
[Black "Capozzoli, Silvio"]
[Result "0-1"]
[WhiteElo "1812"]
[BlackElo "1944"]
[PlyCount "102"]
[EventDate "2009.01.08"]

1. e4 c5 2. Ne2 Nc6 3. Nbc3 e6 4. g3 Nf6 5. Bg2 a6 6. O-O d6 7. d4 cxd4 8. Nxd4
Qc7 9. Re1 Be7 10. Be3 Ne5 11. Bf1 Neg4 12. Bg5 Qc5 13. Qd2 Ne5 14. Rad1 b5 15.
Kg2 Bb7 16. f3 Rd8 17. Be3 Nc4 18. Bxc4 Qxc4 19. Qd3 Qxd3 20. Rxd3 d5 21. e5
Nd7 22. Bf2 Rc8 23. Nce2 Nxe5 24. Rc3 Nc4 25. Rb1 Bb4 26. Rd3 Ne5 27. Re3 Nc4
28. Rd3 O-O 29. c3 Bd6 30. h4 g6 31. Kh3 e5 32. Nb3 f5 33. Rdd1 Rfd8 34. Nd2
Kf7 35. Nxc4 dxc4 36. Ng1 Be7 37. Bb6 Rd3 38. Rxd3 cxd3 39. Rd1 Rc6 40. Be3 Rd6
41. Bd2 e4 42. Kg2 Re6 43. Kf2 exf3 44. Nh3 Re2+ 45. Kf1 Rh2 46. Nf2 Bc5 47.
Be1 Be4 48. Kg1 Rg2+ 49. Kf1 Be3 50. b3 d2 51. Bxd2 Bxf2 0-1

[Event "IV Open Inverno Vomero"]
[Site "Napoli ITA"]
[Date "2009.01.29"]
[Round "4"]
[White "Esposito, Rosario"]
[Black "De Rosa, Francesco"]
[Result "1/2-1/2"]
[WhiteElo "1867"]
[BlackElo "1948"]
[PlyCount "108"]
[EventDate "2009.01.08"]

1. d4 d5 2. c4 c6 3. Nf3 Nf6 4. Nc3 e6 5. Bg5 Nbd7 6. e3 h6 7. Bh4 dxc4 8. Bxc4
b5 9. Bd3 g5 10. Bg3 Bb7 11. O-O a6 12. Ne4 Nxe4 13. Bxe4 Nf6 14. Bd3 c5 15.
dxc5 Bxc5 16. Rc1 Rc8 17. Be2 O-O 18. Ne5 Nd5 19. Bh5 Qe7 20. Qe2 Nf6 21. Rfd1
Bd5 22. b3 Nxh5 23. Qxh5 Qf6 24. Ng4 Qg6 25. Qxg6+ fxg6 26. Nxh6+ Kh7 27. Ng4
Ba3 28. Rxc8 Rxc8 29. Nf6+ Kg7 30. Be5 Kf7 31. e4 Ba8 32. Rd7+ Kf8 33. h3 Be7
34. Bd6 Bxd6 35. Rxd6 Rc1+ 36. Kh2 Ke7 37. e5 Bc6 38. Rd2 Rc5 39. Ng4 Bd5 40.
Ne3 Bc6 41. Rc2 Rxc2 42. Nxc2 Be4 43. Nd4 b4 44. f3 Bd5 45. Kg3 a5 46. Kg4 Kf7
47. Kxg5 Bb7 48. h4 Bd5 49. g4 a4 50. h5 gxh5 51. gxh5 a3 52. h6 Kg8 53. Kg6
Kh8 54. h7 Bxb3 1/2-1/2

[Event "IV Open Inverno Vomero"]
[Site "Napoli ITA"]
[Date "2009.01.29"]
[Round "4"]
[White "Perelli, Giuseppe"]
[Black "De Meo, Guido"]
[Result "1-0"]
[WhiteElo "1416"]
[BlackElo "1974"]
[PlyCount "73"]
[EventDate "2009.01.08"]

1. e4 c5 2. Nf3 d6 3. d4 cxd4 4. Nxd4 Nf6 5. Nc3 a6 6. Bd3 e5 7. Nb3 Be6 8. Bg5
Nbd7 9. Qd2 Be7 10. O-O-O h6 11. Bh4 g5 12. Bg3 Qc7 13. Kb1 Rd8 14. f3 b5 15.
Be2 Bc4 16. Nd5 Nxd5 17. exd5 Bxe2 18. Qxe2 Rc8 19. Rhe1 O-O 20. f4 Bf6 21.
fxe5 Nxe5 22. Nd4 Qd7 23. Rf1 Bg7 24. Nf5 Rce8 25. Qh5 Kh7 26. h4 f6 27. Bxe5
dxe5 28. Nxg7 Kxg7 29. hxg5 hxg5 30. Qf3 Qd6 31. a3 e4 32. Qe3 Re5 33. Rh1 Rxd5
34. Qa7+ Rf7 35. Rh7+ Kg6 36. Qxf7+ Kf5 37. Rxd5+ 1-0

[Event "IV Open Inverno Vomero"]
[Site "Napoli ITA"]
[Date "2009.01.29"]
[Round "4"]
[White "Radice, Mario"]
[Black "Esposito, Pino"]
[Result "1-0"]
[WhiteElo "1948"]
[BlackElo "1832"]
[PlyCount "81"]
[EventDate "2009.01.08"]

1. e4 c6 2. d4 d5 3. exd5 cxd5 4. c4 e6 5. Nc3 Nf6 6. Nf3 Nc6 7. cxd5 Nxd5 8.
Bd3 Be7 9. O-O O-O 10. a3 h6 11. Qc2 Nf6 12. Rd1 Qb6 13. Bf4 a6 14. Na4 Qd8 15.
Rac1 Nd5 16. Bg3 Bd6 17. b4 Bxg3 18. hxg3 Bd7 19. Nc5 Rb8 20. Qe2 Re8 21. Bb1
Re7 22. Qd3 f5 23. Re1 Qe8 24. Qb3 Qf7 25. Nd3 g5 26. Nde5 Qe8 27. Bxf5 exf5
28. Qxd5+ Be6 29. Qc5 Rc8 30. Nxc6 Rxc6 31. Qe5 Rxc1 32. Rxc1 Bd7 33. Qc5 g4
34. Ne5 Bb5 35. Qd5+ Kg7 36. Qd6 Re6 37. Rc7+ Kg8 38. Qd5 Bc6 39. Qc4 Kf8 40.
Rf7+ Kg8 41. Rf6 1-0

[Event "IV Open Inverno Vomero"]
[Site "Napoli ITA"]
[Date "2009.01.29"]
[Round "4"]
[White "Rosato, Luciano"]
[Black "Ficco, Corrado"]
[Result "1-0"]
[WhiteElo "2267"]
[BlackElo "2154"]
[PlyCount "67"]
[EventDate "2009.01.08"]

1. d4 Nf6 2. Nf3 g6 3. c4 c5 4. d5 b5 5. cxb5 a6 6. b6 d6 7. Nc3 Nbd7 8. e4
Qxb6 9. Be2 Bg7 10. O-O O-O 11. a4 a5 12. Ra3 Ba6 13. Nd2 Ne5 14. Bxa6 Qxa6 15.
Nb5 Ne8 16. f4 Nd7 17. Rh3 Rc8 18. Qg4 f5 19. Qh4 Nef6 20. exf5 gxf5 21. Re1
Rf7 22. Nf3 Qa8 23. Nc3 Nb6 24. Ng5 Nbxd5 25. Nxf7 Kxf7 26. Nb5 Nc7 27. Rhe3
Ncd5 28. Rg3 Rg8 29. Qh3 Qc8 30. Rg5 c4 31. Rxf5 Qc5+ 32. Be3 Qb4 33. Bf2 e6
34. Rxd5 1-0

[Event "IV Open Inverno Vomero"]
[Site "Napoli ITA"]
[Date "2009.01.29"]
[Round "4"]
[White "Schiappoli, Dario"]
[Black "Parente, Giuseppe"]
[Result "1-0"]
[WhiteElo "1966"]
[BlackElo "1841"]
[PlyCount "39"]
[EventDate "2009.01.08"]

1. e4 c6 2. d4 d5 3. Nc3 dxe4 4. Nxe4 Bf5 5. Ng3 Bg6 6. Bc4 Nf6 7. N1e2 h6 8.
O-O e6 9. Nf4 Bh7 10. Re1 Be7 11. Bxe6 O-O 12. Bb3 Bd6 13. Qf3 Nbd7 14. c3 Qc7
15. Nfh5 Nxh5 16. Nxh5 Bxh2+ 17. Kh1 Bd6 18. Bxh6 gxh6 19. Qg4+ Bg6 20. Qxg6+
1-0

[Event "IV Open Inverno Vomero"]
[Site "Napoli ITA"]
[Date "2009.01.29"]
[Round "4"]
[White "Sorrentino, Michele"]
[Black "Pinto, Gaetano"]
[Result "0-1"]
[WhiteElo "2026"]
[BlackElo "2044"]
[PlyCount "90"]
[EventDate "2009.01.08"]

1. Nf3 d5 2. d4 Nf6 3. Nbd2 c5 4. e3 Nbd7 5. c3 e6 6. Bd3 b6 7. O-O Bb7 8. Qe2
Be7 9. e4 cxd4 10. exd5 Nxd5 11. cxd4 Nf4 12. Qe3 Nxd3 13. Qxd3 O-O 14. Ne4 Nc5
15. Nxc5 bxc5 16. Qb3 Bd5 17. Qc3 Bxf3 18. Qxf3 cxd4 19. Bf4 Qb6 20. b3 Rac8
21. Rad1 Rfd8 22. Qg3 Bd6 23. Bxd6 Qxd6 24. Rd3 Qxg3 25. hxg3 Rd5 26. b4 Rc4
27. a3 e5 28. f3 a5 29. bxa5 Rxa5 30. Rb1 f6 31. g4 Rc3 32. Rb3 Rxd3 33. Rxd3
Rc5 34. Rb3 Rc2 35. Kf1 Ra2 36. g3 Kf7 37. Rb7+ Kg6 38. Ra7 Kh6 39. a4 g6 40.
a5 Kg5 41. a6 e4 42. fxe4 Kxg4 43. Ra8 Kf3 44. Ke1 Ke3 45. Kd1 d3 0-1

[Event "IV Open Inverno Vomero"]
[Site "Napoli ITA"]
[Date "2009.01.29"]
[Round "4"]
[White "Supino, Domenico"]
[Black "Lombardo, Michele"]
[Result "1-0"]
[WhiteElo "2080"]
[BlackElo "2021"]
[PlyCount "53"]
[EventDate "2009.01.08"]

1. e4 c5 2. Nf3 d6 3. d4 cxd4 4. Nxd4 Nf6 5. Nc3 a6 6. Bc4 b5 7. Bb3 Bb7 8. O-O
b4 9. Nd5 Nxe4 10. Ba4+ Nd7 11. Nc6 Qc8 12. Ncxe7 Bxe7 13. Nb6 Qc7 14. Bxd7+
Kf8 15. Nxa8 Qxd7 16. Nb6 Qc6 17. Be3 Nc5 18. f3 Qxb6 19. Rf2 Qc6 20. Rd2 Ne6
21. h4 h5 22. Qe1 g6 23. Rad1 d5 24. Rxd5 Qxd5 25. Rxd5 Bxd5 26. Qg3 Bf6 27.
Qd6+ 1-0

[Event "IV Open Inverno Vomero"]
[Site "Napoli ITA"]
[Date "2009.02.05"]
[Round "5"]
[White "Accardo, Francesco"]
[Black "Radice, Mario"]
[Result "0-1"]
[WhiteElo "1861"]
[BlackElo "1948"]
[PlyCount "92"]
[EventDate "2009.01.08"]

1. g4 d5 2. Bg2 c6 3. h3 h5 4. g5 Bf5 5. d3 e5 6. Nf3 Bd6 7. Nbd2 Nd7 8. c4 Qa5
9. O-O O-O-O 10. a3 f6 11. Nh4 Be6 12. cxd5 cxd5 13. Ndf3 Kb8 14. Be3 Ne7 15.
b4 Qb5 16. Bd2 Nb6 17. Kh1 Qd7 18. Ng1 d4 19. e4 Na4 20. Qf3 Rdf8 21. g6 Rc8
22. Rfc1 Rcf8 23. b5 f5 24. Qd1 Nc5 25. Bb4 Nb3 26. b6 axb6 27. Ngf3 Nxa1 28.
Rxa1 fxe4 29. Ng5 Bxb4 30. axb4 Rf4 31. b5 Rxh4 32. Qa4 Rc8 33. Nf7 Bxf7 34.
gxf7 Ng6 35. Kg1 Kc7 36. Qc4+ Kd8 37. Qb4 Qe7 38. Qb3 Rf4 39. Qd5+ Qd7 40. Qxe5
Rxf7 41. Qg5+ Rf6 42. Bxe4 Nf4 43. Kf1 Nxh3 44. Qxh5 Nxf2 45. Qh8+ Kc7 46. Rc1+
Kb8 0-1

[Event "IV Open Inverno Vomero"]
[Site "Napoli ITA"]
[Date "2009.02.05"]
[Round "5"]
[White "Capozzoli, Silvio"]
[Black "Sorrentino, Michele"]
[Result "1-0"]
[WhiteElo "1944"]
[BlackElo "2026"]
[PlyCount "61"]
[EventDate "2009.01.08"]

1. e4 d6 2. d4 Nf6 3. Nc3 Nbd7 4. Nf3 e5 5. Bc4 Be7 6. Bxf7+ Kxf7 7. Ng5+ Kg8
8. Ne6 Qe8 9. Nxc7 Qg6 10. Nxa8 Qxg2 11. Rf1 Ng4 12. Qe2 Nxh2 13. Qc4+ Kf8 14.
Qxc8+ Kf7 15. Qc4+ Kf8 16. Be3 Nxf1 17. Qxf1 Qxf1+ 18. Kxf1 Bd8 19. Nd5 Nf6 20.
Nxf6 gxf6 21. dxe5 fxe5 22. Bxa7 Ke7 23. Bb6 Rf8 24. Bxd8+ Kxd8 25. Nb6 Rf4 26.
Re1 Rg4 27. Nd5 h5 28. Nf6 Rh4 29. Kg2 Ke7 30. Kg3 Rf4 31. Nxh5 1-0

[Event "IV Open Inverno Vomero"]
[Site "Napoli ITA"]
[Date "2009.02.05"]
[Round "5"]
[White "Cosenza, Gianni"]
[Black "Schiappoli, Dario"]
[Result "0-1"]
[WhiteElo "1944"]
[BlackElo "1966"]
[PlyCount "60"]
[EventDate "2009.01.08"]

1. e4 c5 2. Nf3 d6 3. d4 cxd4 4. Nxd4 Nf6 5. Nc3 a6 6. Be2 Nbd7 7. a4 b6 8. O-O
Bb7 9. f3 e6 10. Re1 Qc7 11. Bd3 Ne5 12. Kh1 Be7 13. Qe2 O-O 14. Be3 Rfc8 15.
Qf2 Nc4 16. Bxc4 Qxc4 17. Qg3 d5 18. e5 Ne8 19. f4 Bc5 20. Rad1 Qb4 21. Nb3
Bxe3 22. Qxe3 Rc4 23. Rd4 Rac8 24. Red1 g6 25. h4 Ng7 26. Rxc4 Rxc4 27. Rd4 Nf5
28. Rxc4 dxc4 29. Qd2 cxb3 30. Qd8+ Qf8 0-1

[Event "IV Open Inverno Vomero"]
[Site "Napoli ITA"]
[Date "2009.02.05"]
[Round "5"]
[White "Esposito, Pino"]
[Black "Esposito, Rosario"]
[Result "1-0"]
[WhiteElo "1832"]
[BlackElo "1867"]
[PlyCount "69"]
[EventDate "2009.01.08"]

1. d4 Nf6 2. c4 g6 3. Nc3 d5 4. Nf3 Bg7 5. e3 O-O 6. Be2 c5 7. O-O dxc4 8. Bxc4
cxd4 9. exd4 Bg4 10. d5 Nbd7 11. h3 Ne5 12. Be2 Bxf3 13. Bxf3 Nxf3+ 14. Qxf3
Ne8 15. Re1 Nd6 16. Bg5 Re8 17. Re2 h6 18. Bf4 Rc8 19. g4 Nc4 20. Rae1 Nxb2 21.
Nb5 Nc4 22. Qg3 Qxd5 23. Nc7 Rxc7 24. Bxc7 e5 25. Qc3 Re7 26. Bd8 Rd7 27. Bh4
Nd2 28. Re3 e4 29. Bf6 Nf3+ 30. Rxf3 exf3 31. Bxg7 Kh7 32. Bf6 Qd2 33. Qxd2
Rxd2 34. Re7 Kg8 35. Re8+ 1-0

[Event "IV Open Inverno Vomero"]
[Site "Napoli ITA"]
[Date "2009.02.05"]
[Round "5"]
[White "Giglio, Achille"]
[Black "Gallo, Thomas Renato"]
[Result "0-1"]
[WhiteElo "1615"]
[BlackElo "1888"]
[PlyCount "78"]
[EventDate "2009.01.08"]

1. e4 Nf6 2. e5 Nd5 3. c4 Nb6 4. d4 d6 5. f4 Bf5 6. Nc3 dxe5 7. fxe5 e6 8. Nf3
c6 9. a3 a5 10. Be2 Be7 11. O-O O-O 12. Be3 N8d7 13. Qe1 Bg6 14. Rd1 Qc7 15.
Bf4 Rfe8 16. Kh1 Nf8 17. Be3 Rad8 18. Qf2 Nbd7 19. Ng5 f6 20. exf6 Nxf6 21. c5
Nd5 22. Bc4 Bxg5 23. Bxg5 Rd7 24. Rfe1 Rf7 25. Qe2 Rf5 26. Qd2 Nxc3 27. bxc3
Qf7 28. Bh4 Rh5 29. Bg3 Kh8 30. Kg1 Bf5 31. Be2 Rh6 32. Bf4 Rg6 33. Bh5 Rxg2+
34. Qxg2 Qxh5 35. Rb1 Bxb1 36. Rxb1 Qf7 37. Be5 Ng6 38. Bd6 Nh4 39. Qf2 Qg6+
0-1

[Event "IV Open Inverno Vomero"]
[Site "Napoli ITA"]
[Date "2009.02.05"]
[Round "5"]
[White "Lombardo, Michele"]
[Black "Caiazzo, Diego"]
[Result "1-0"]
[WhiteElo "2021"]
[BlackElo "1892"]
[PlyCount "105"]
[EventDate "2009.01.08"]

1. e4 e6 2. Nf3 d5 3. e5 c5 4. b4 b6 5. a3 Qd7 6. c3 Ba6 7. d3 Ne7 8. g3 Ng6 9.
Bg2 Bb7 10. Nbd2 Nc6 11. Qe2 Qc7 12. d4 c4 13. b5 Na5 14. h4 h6 15. h5 Ne7 16.
Nh4 Qd7 17. a4 Nf5 18. Nxf5 exf5 19. O-O Be7 20. Re1 O-O 21. Ba3 Rfe8 22. Bxe7
Rxe7 23. Nf1 Rae8 24. Ne3 g6 25. Bh3 Qd8 26. f4 Bc8 27. g4 fxg4 28. Bxg4 f5 29.
Bf3 Be6 30. hxg6 Rg7 31. Kh1 Qh4+ 32. Qh2 Qxh2+ 33. Kxh2 Nb3 34. Ra2 Rd8 35.
Rg1 Na5 36. Kh3 Nb7 37. Kh4 Rdd7 38. Kh5 Nd8 39. a5 bxa5 40. Rxa5 Kf8 41. Ra6
Ke7 42. Rxe6+ Kxe6 43. Bxd5+ Rxd5 44. Nxd5 Kxd5 45. Kxh6 Ne6 46. Ra1 Rb7 47.
Ra6 Rd7 48. Rd6+ Rxd6 49. exd6 Kxd6 50. g7 Nxg7 51. Kxg7 Kd5 52. Kf6 Ke4 53.
Kg5 1-0